000 00591nam a22001817a 4500
999 _c192659
_d192659
005 20221101120546.0
010 _aENG-135250
020 _c480.00
_a9789386288615
035 _aEN-118782
037 _bDBAD/PUB
082 _a327.54056
245 _aContours of Relationship:
_bIndia and the Middle East/
_cEdited by Kingshuk Chatterjee
260 _aNew Delhi
_bK W publishers
_c2017
270 _bNew Delhi
_a4676/21, First Floor, Ansari Road Daryaganj
_e110002
300 _axiii,159p.
_c23cm(Hb)
700 _aChatterjee, Kingshuk
942 _2ddc
_cEN
_mCON
_h327.54056